Trabajos sobre información y medios informativos / publicados por el Instituto de Ciencias Sociales
Descripción Física:
10 p. ; 24 cm
Materias:
Comunicació -- Bibliografia
MARC
| LEADER | 00000nam a2200000Ia 4500 | ||
|---|---|---|---|
| 001 | 12283 | ||
| 008 | 160829s1969 xx 000 0 cat d | ||
| 080 | |a FU-13-39 | ||
| 110 | 2 | |a Instituto de Ciencias Sociales (Barcelona, Catalunya) |9 54508 | |
| 245 | |a Trabajos sobre información y medios informativos / publicados por el Instituto de Ciencias Sociales | ||
| 260 | |a Barcelona : |b (Imp. Casa Caridad), |c 1969 | ||
| 300 | |a 10 p. ; |c 24 cm | ||
| 590 | |a A la coberta: 'VII Semana Internacional de Estudios Sociales. Información y Persona Humana' | ||
| 650 | |a Comunicació |x Bibliografia |9 28261 | ||
| 901 | |a Arxiu | ||
| 942 | |n 1 | ||
| 952 | |0 0 |1 0 |4 0 |6 FU1339 |7 1 |9 44746 |a Arxiu |b Arxiu |d 2016-12-01 |l 0 |o FU-13-39 |p 12283 |r 2016-12-01 00:00:00 |w 2016-12-01 |y ARXIU | ||
| 999 | |c 47328 |d 47328 | ||